000 00521cam a22002171 4500
001 sa 63004838
003 DLC
005 20260227111951.0
008 891228s1963 ii 000 1 pano
010 _asa 63004838
035 _a(OCoLC)20832231
040 _aDLC
_cWaU
_dDLC
042 _apremarc
050 0 0 _aPK2658
_b.S5
100 1 _aSiṅgha, Trilocana.
245 1 0 _aAnamola kahāṇīāṃ.
260 _c[1963]
300 _a148 p.
_c19 cm.
500 _aIn Panjabi.
650 0 _aShort stories, Panjabi.
999 _c55867
_d55867